Geographical data analysis

Αποθηκεύτηκε σε:
Λεπτομέρειες βιβλιογραφικής εγγραφής
Κύριος συγγραφέας: Walford, Nigel
Μορφή: Βιβλίο
Γλώσσα:English
Δημοσίευση: Chichester : John Wiley, 1994
Θέματα:
Ετικέτες: Προσθήκη ετικέτας
Δεν υπάρχουν, Καταχωρήστε ετικέτα πρώτοι!

MARC

LEADER 00000nam a2200000 i 4500
001 1/8105
008 960909s1994 eng d
020 |a 0-471-94162-X 
035 |l 10016974 
040 |a GR-MY-UA  |b gre  |e aacr 
041 0 |a eng 
082 0 |a 910.21 
100 1 |a Walford, Nigel. 
245 1 0 |a Geographical data analysis /  |c Nigel Walford 
260 |a Chichester :   |b John Wiley,   |c 1994 
300 |a 446 p.  |b tables 
504 |a Includes bibliographical references and index 
650 0 0 |a Geography  |x Statistical methods. 
852 |a INST  |b LESVOS  |e 19960909  |h 910.21 WAL  |p 005100009524  |q 005100009524  |t BK  |y 0 
909 |a Λ  |b 046620 
950 |a 170/1995-10-24